=LDR 00000nam 2200000 4500 =001 INLIS000000000050592 =005 20200311075916 =035 ##$$a 0010-0517000245 =007 ta =008 200311################g##########0#ind## =020 ##$$a 978-979-26-6779-0 =082 ##$$a 297.362 =084 ##$$a 297.362 ALH- r =100 #$$a Al-Husain, Ahmad bin Abdul Aziz =245 1#$$a Ruh puasa dan maknanya /$c Ahmad bin Abdul Aziz Al-Husain; penerjemah, Wafi Marzuki Ammar, Lc. =250 ##$$a cet. 3 =260 ##$$a Surabaya :$b Pustaka Elba,$c 2008 =300 ##$$a 490 hlm ; $c 21 x 15 cm =650 #4$$a Puasa Ramadhan =500 ##$$a Judul asli, Ruuh ash-shiyaam wa ma'aaniihi =700 #$$a Wafi Marzuki Ammar =990 ##$$a 31700989 =990 ##$$a 31700990 =990 ##$$a 31700989